Herbstmeister der Bundesliga - Statistiken

Allgemein
  • Dieses Quiz wurde 559 mal gespielt
  • Das Durchschnittsergebnis liegt bei 14 aus 16
Antwortstatistiken
Antwort % Korrekt
FC Bayern München
100%
Borussia Dortmund
99%
Bayer 04 Leverkusen
96%
RB Leipzig
96%
Hamburger SV
95%
1. FC Köln
94%
VfB Stuttgart
93%
FC Schalke 04
92%
Werder Bremen
92%
Borussia Mönchengladbach
90%
1. FC Kaiserslautern
86%
1. FC Nürnberg
82%
Eintracht Frankfurt
81%
TSG 1899 Hoffenheim
72%
TSV 1860 München
72%
Eintracht Braunschweig
65%
Keine übereinstimmenden Quizze gefunden
Verteilung der Resultate
Anzahl Personen mit jedem Resultat
Perzentil nach korrekt beantworteten Fragen
Ihre Resultats-Entwicklung
Sie haben dieses Quiz noch nicht gespielt